ABC of school Atlas-6 (Record no. 5185)
[ view plain ]
| 000 -LEADER | |
|---|---|
| fixed length control field | 00222nam a22000857a 4500 |
| 008 - FIXED-LENGTH DATA ELEMENTS--GENERAL INFORMATION | |
| fixed length control field | 170110b xxu||||| |||| 00| 0 eng d |
| 100 ## - MAIN ENTRY--PERSONAL NAME | |
| 9 (RLIN) | 2288 |
| Personal name | Anand. B. R |
| 245 ## - TITLE STATEMENT | |
| Title | ABC of school Atlas-6 |
| 260 ## - PUBLICATION, DISTRIBUTION, ETC. (IMPRINT) | |
| Place of publication, distribution, etc. | New Delhi |
| Name of publisher, distributor, etc. | Holy Faith |
| Date of publication, distribution, etc. | 2000 |
No items available.